• 首页
  • 本馆介绍
  • 公告通知
  • 最新文献
  • 馆藏检索
  • 电子资源
  • 读者导购
  • 参考咨询
  • 我的图书馆
  • 登录
  • 详细信息显示
  • 放入我的书架
  • 预约/预借图书
  • 作者相关作品
  • 分类相关作品
  • 丛书相关作品
  • 出版社相关作品

书目信息

  • 表格格式
  • 工作单格式
  • 卡片格式
题名:
马克思恩格斯列宁斯大林论思想方法和工作方法
    
 
作者: 温济泽 主编
分册:  
出版信息: 北京   人民出版社  1984
页数: 334页
开本: 21cm
丛书名:
单 册:
中图分类: A562
科图分类:
主题词: 马列著作--专题汇编--共产党
电子资源:
ISBN:
000 00700nam0 2200229 45
001 0184010168
005 20050317110147.5
010    @dCNY1.25
091    @a1001.1237
100    @a19950628d1984 kmey0chiy0121 ea
101 0  @achi
102    @aCN@b110000
105    @ay z 000yy
200 10 @a马克思恩格斯列宁斯大林论思想方法和工作方法@Ama ke si en ge si lie ningsi da lin lun si xiang fang fa he gong zuo fang fa@f温济泽主编@FWen Ji ZeZhu Bian
210    @a北京@c人民出版社@d1984
215    @a334页@d21cm
606 0  @a马列著作@x专题汇编@x共产党
690    @aA562@v3
701  0 @a温济泽@4主编
801  0 @aCN@b上海图书馆@c20040218
801  2 @aCN@bNLC@c20040218
905    @dA562@e25@f1@b121768
    
    马克思恩格斯列宁斯大林论思想方法和工作方法/温济泽主编.-北京:人民出版社,1984
    334页;21cm
    
    
    ISBN :CNY1.25
    
●
相关链接 在E读中查询图书 在五车中查询图书 在当当中查询图书 在豆瓣中查询图书


正题名:马克思恩格斯列宁斯大林论思想方法和工作方法     索取号:A562/25         预约/预借

序号 登录号 条形码 馆藏地/架位号 状态 备注
1 0121766   001878668   密集书库/ [索取号:A562/25] 在馆    
2 0121767   000952749   第一借阅区/ [索取号:A562/25] 在馆    
3 0121768   001980306   第一借阅区/ [索取号:A562/25] 在馆    
4 0121769   002046789   第一样本阅览室/ [索取号:A562/25] 在馆    
5 0121770   000952703   第一借阅区/ [索取号:A562/25] 在馆    
唐山师范学院图书馆 欢迎您!
大连网信软件有限公司© 版权所有